000 00758nam a2200229 a 4500
001 47876
003 BD-RjUL
005 20211209054420.0
008 160810s1997 bg ||||| |||| 00| p ben d
020 _c: Tk. 40.00
035 _a(BD-RjUL) 47995
040 _aBD-RjUL
_bben
_cBD-RjUL
041 _aben
082 _223
_a891.441
_bMAA 1997
100 1 _aমাহমুদ, অনীক
_9119322
245 1 0 _aএকলব্যের ভবিতব্য /
_cঅনীক মাহমুদ
260 _aঢাকা :
_bমো. তোফাজ্জল হোসেন,
_c১৯৯৭
300 _a৬২ পৃ. ;
_c২১ সেমি.
650 _aবাংলা কবিতা
_9145314
650 _aBengali Poetry
_9145315
942 _2ddc
_cBK
999 _c47876
_d47876